Acción pastoral para una nueva evangelización
Đã lưu trong:
| Tác giả chính: | |
|---|---|
| Định dạng: | Sách |
| Ngôn ngữ: | Tiếng Tây Ban Nha |
| Được phát hành: |
Santander
Sal Terrae
1991
|
| Phiên bản: | 1a. ed |
| Loạt: | Colección Pastoral, 46
|
| Những chủ đề: | |
| Các nhãn: |
Thêm thẻ
Không có thẻ, Là người đầu tiên thẻ bản ghi này!
|
MARC
| LEADER | 00000cam a2200000 a 4500 | ||
|---|---|---|---|
| 001 | UCD2157 | ||
| 003 | CL-VaPUC | ||
| 008 | 160414e19910000sp |||||||||||||||||spa|d | ||
| 020 | |a 8429309160 | ||
| 082 | 0 | 4 | |a 261 |b PAG |2 21 |
| 100 | |a Pagola Elorza, José Antonio |e autor |9 598546 | ||
| 245 | 1 | 0 | |a Acción pastoral para una nueva evangelización |
| 250 | |a 1a. ed | ||
| 300 | |a 282 p | ||
| 942 | |c BK | ||
| 945 | |d 20160414 22:20:00 |a arojas | ||
| 260 | |a Santander |b Sal Terrae |c 1991 | ||
| 650 | 7 | |a PASTORAL |2 CL-VaPUC |9 397996 | |
| 650 | 7 | |a EVANGELIZACION |2 CL-VaPUC |9 585437 | |
| 583 | |a last modification |c 20161206 10:18:46 |k Rodrigo Vera | ||
| 490 | 0 | |a Colección Pastoral, 46 | |
| 999 | |c 363352 |d 363350 | ||
| 952 | |0 0 |1 0 |3 erb |4 0 |6 261_000000000000000_PAG_1991 |7 0 |8 A |9 475544 |a BIBTEO |b BIBTEO |i 5281571 |o 261 PAG 1991 |p 5281571 |r 2025-01-17 |w 2019-11-24 |y BK |z Catalogado en:20160414 |k ICR | ||